000 00439nam a22001697a 4500
003 OSt
005 20260405124818.0
008 260405b |||||||| |||| 00| 0 eng d
020 _a9780761178972
040 _cLIRC
082 _a650.1 KLE
100 _aKleon, Austin
_96466
245 _aShow your work : 10 ways to share your creativity and get discovered
260 _aNew York
_bWorkman
_c2014
300 _a215 p.
942 _2ddc
_cUT
999 _c33703
_d33703